Introduction to electromagnetic fields (Record no. 66098)

000 -LEADER
fixed length control field 00492nam a22001937a 4500
003 - CONTROL NUMBER IDENTIFIER
control field NUST - PNEC
005 - DATE AND TIME OF LATEST TRANSACTION
control field 20170116180938.0
008 - FIXED-LENGTH DATA ELEMENTS--GENERAL INFORMATION
fixed length control field 150904b xxu||||| |||| 00| 0 eng d
020 ## - INTERNATIONAL STANDARD BOOK NUMBER
International Standard Book Number 0070459088
020 ## - INTERNATIONAL STANDARD BOOK NUMBER
International Standard Book Number 0070459096
040 ## - CATALOGING SOURCE
Transcribing agency LIBRARY
082 ## - DEWEY DECIMAL CLASSIFICATION NUMBER
Classification number 537 PAU
100 ## - MAIN ENTRY--PERSONAL NAME
9 (RLIN) 7742
Personal name Paul, Clayton R.
245 ## - TITLE STATEMENT
Title Introduction to electromagnetic fields
Statement of responsibility, etc. Clayton R. Paul
250 ## - EDITION STATEMENT
Edition statement 2nd ed.
260 ## - PUBLICATION, DISTRIBUTION, ETC.
Date of publication, distribution, etc. c.1987
650 ## - SUBJECT ADDED ENTRY--TOPICAL TERM
9 (RLIN) 7745
Topical term or geographic name entry element Electromagnetic fields
General subdivision EE
942 ## - ADDED ENTRY ELEMENTS (KOHA)
Source of classification or shelving scheme
Koha item type Book
Holdings
Withdrawn status Lost status Source of classification or shelving scheme Damaged status Not for loan Permanent Location Current Location Shelving location Date acquired Total Checkouts Full call number Barcode Date last seen Price effective from Koha item type
          Pakistan Navy Engineering College (PNEC) Pakistan Navy Engineering College (PNEC)       537 PAU PNECLIB-013043 09/06/2015   Book
© 2023 Central Library, National University of Sciences and Technology. All Rights Reserved.